The Odyssey : (Record no. 358169)
[ view plain ]
| 000 -LEADER | |
|---|---|
| fixed length control field | 00747nam a22002297a 4500 |
| 003 - CONTROL NUMBER IDENTIFIER | |
| control field | SISC |
| 005 - DATE AND TIME OF LATEST TRANSACTION | |
| control field | 20180724150330.0 |
| 008 - FIXED-LENGTH DATA ELEMENTS--GENERAL INFORMATION | |
| fixed length control field | 180724b xxu||||| |||| 00| 0 eng d |
| 020 ## - INTERNATIONAL STANDARD BOOK NUMBER | |
| International Standard Book Number | 9780451530684 |
| 050 ## - LIBRARY OF CONGRESS CALL NUMBER | |
| Classification number | PA 4025 |
| Item number | .H767 2007 |
| 100 ## - MAIN ENTRY--PERSONAL NAME | |
| Personal name | Homer |
| 245 ## - TITLE STATEMENT | |
| Title | The Odyssey : |
| Remainder of title | the story of Odysseus / |
| Statement of responsibility, etc | Homer ; translated by W. H. D. Rouse; with a new introduction by Deborah Steiner. |
| 260 ## - PUBLICATION, DISTRIBUTION, ETC. (IMPRINT) | |
| Place of publication, distribution, etc | New York : |
| Name of publisher, distributor, etc | Signet Classics, |
| Date of publication, distribution, etc | c2007 |
| 300 ## - PHYSICAL DESCRIPTION | |
| Extent | xxiii, 344 pages ; |
| Dimensions | 18 cm. |
| 500 ## - GENERAL NOTE | |
| General note | Includes index. |
| 650 ## - SUBJECT ADDED ENTRY--TOPICAL TERM | |
| Topical term or geographic name as entry element | Epic poetry, Greek |
| General subdivision | Translations into English |
| 650 ## - SUBJECT ADDED ENTRY--TOPICAL TERM | |
| Topical term or geographic name as entry element | Odysseus (Greek mythology) |
| Form subdivision | Poetry |
| 700 ## - ADDED ENTRY--PERSONAL NAME | |
| Personal name | Rouse, W. H. D. |
| Relator term | translator |
| 700 ## - ADDED ENTRY--PERSONAL NAME | |
| Personal name | Steiner, Deborah |
| 942 ## - ADDED ENTRY ELEMENTS (KOHA) | |
| Source of classification or shelving scheme | Library of Congress Classification |
| Koha item type | Books |
| Withdrawn status | Lost status | Source of classification or shelving scheme | Damaged status | Home library | Current library | Shelving location | Date acquired | Source of acquisition | Total Checkouts | Full call number | Barcode | Date last seen | Price effective from | Koha item type |
|---|---|---|---|---|---|---|---|---|---|---|---|---|---|---|
| Library of Congress Classification | Luxembourg Library | Luxembourg Library | High School Section | 07/24/2018 | Donation | PA 4025 .H767 2007 | 20510 | 07/24/2018 | 07/24/2018 | Books |